| 000 | 01020cam a22003257a 4500 | ||
|---|---|---|---|
| 003 | CHAP | ||
| 005 | 20220817041013.0 | ||
| 008 | 971013s1991 r 00010 d | ||
| 010 | _a4346 | ||
| 011 | _a5318 | ||
| 035 | _a4525 | ||
| 040 | _cCHAP | ||
| 090 | _aFolleto 12696 | ||
| 110 | _aFAO | ||
| 245 | 1 | 0 | _aGynandropsis gynandra (L.) Briq. : a tropical leafy vegetable its cultivation and utilization |
| 260 |
_aRome : _bFAO, _c1991 |
||
| 300 | _a38 p | ||
| 490 | 0 |
_aFAO. Producción y protección vegetal _v; 107 |
|
| 590 |
_aBATCH-UPD _b10 _c20130110 _lUCH01 _h1951 |
||
| 590 |
_aBATCH-UPD _b10 _c20130410 _lUCH01 _h1312 |
||
| 590 |
_aBATCH-UPD _b10 _c20130914 _lUCH01 _h0930 |
||
| 590 |
_aCONVERSION _b10 _c20130109 _lUCH01 _h1304 |
||
| 650 | 1 | 4 |
_aCleome gynandra. _923787 |
| 650 | 1 | 4 |
_aLegumbres _xTrópicos. _965792 |
| 700 | 0 |
_aChweya, J. D. _923002 |
|
| 830 | 0 |
_aFAO. Producción y protección vegetal _v; 107 _939654 |
|
| 901 | _aBK | ||
| 942 | _cFOLL | ||
| 949 |
_aFolleto 12696 _bBC _cFAO _d-14072 _eFAO1 _i4525 _si |
||
| 999 |
_c4346 _d4346 |
||